Normal view MARC view

Entry Personal Name

Number of records used in: 2

001 - CONTROL NUMBER

  • control field: 59814

003 - CONTROL NUMBER IDENTIFIER

  • control field: dpl

005 - DATE AND TIME OF LATEST TRANSACTION

  • control field: 20231212150031.0

008 - FIXED-LENGTH DATA ELEMENTS

  • fixed length control field: 231212|| aca||aabn | a|a d

040 ## - CATALOGING SOURCE

  • Original cataloging agency: dpl
  • Transcribing agency: dpl

100 ## - HEADING--PERSONAL NAME

  • Personal name: सिन्हा,मृदुला

670 ## - SOURCE DATA FOUND

  • Source citation: Work cat.: (dpl)145444: सिन्हा,मृदुला, राजधर्म और लोकधर्म/, 2019

© Delhi Public Library
Hit Counter
free hit counter